000 00320nam a2200169Ia 4500
100 _aAragues/ Anthony
650 _adata
942 _cBK
366 _f20
654 _adata
245 _aVisualizing streaming data
260 _bSPD
_c2018
082 _bARA
300 _a184
546 _aENGLISH
999 _c18928
_d18928